[Event "POL-chT 1st League"]
[Site "Leba"]
[Date "2023.09.30"]
[Round "8.6"]
[White "Kaliszuk, Kamil"]
[Black "Tsiapko, Andrii"]
[Result "1-0"]
[WhiteElo "2010"]
[BlackElo "2120"]
[PlyCount "69"]
[EventDate "2023.09.23"]
[EventType "team-swiss"]
[EventRounds "9"]
[EventCountry "POL"]
[SourceTitle "EXT 2024"]
[Source "ChessBase"]
[SourceDate "2023.10.10"]
[SourceVersion "1"]
[SourceVersionDate "2023.10.10"]
[SourceQuality "1"]
[WhiteTeam "Czestochowa Hetman"]
[BlackTeam "Chylice Laura"]
[WhiteTeamCountry "POL"]
[BlackTeamCountry "POL"]

1. e4 c5 2. Nf3 Nc6 3. d4 cxd4 4. Nxd4 g6 5. c4 Nf6 6. Nc3 d6 7. f3 Bg7 8. Be3 0-0 9. Be2 Nh5 10. Nxc6 bxc6 11. g4 Nf6 12. Qd2 Qa5 13. Rc1 Be6 14. 0-0 Rfd8 15. g5 Ne8 16. f4 Bh3 17. Rf2 e6 18. Bf3 e5 19. f5 d5 20. fxg6 d4 21. gxf7+ Kh8 22. fxe8Q+ Rxe8 23. Ne2 Qd8 24. Bh5 dxe3 25. Qxe3 Be6 26. Bxe8 Qxe8 27. Kh1 Qh5 28. Ng3 Qg6 29. Nf5 Bf8 30. Rcf1 Bxc4 31. Nh4 Qg7 32. Rc1 Bxa2 33. b3 Bxb3 34. Qxb3 Qxg5 35. Rg1 1-0

[Event "Warsaw Najdorf Memorial op-A"]
[Site "Warsaw"]
[Date "2023.07.19"]
[Round "9"]
[White "Chomczyk, Marek"]
[Black "Tsiapko, Andrii"]
[Result "1-0"]
[WhiteElo "2277"]
[BlackElo "1996"]
[PlyCount "69"]
[EventDate "2023.07.11"]
[EventType "swiss"]
[EventRounds "9"]
[EventCountry "POL"]
[SourceTitle "EXT 2024"]
[Source "ChessBase"]
[SourceDate "2023.10.10"]
[SourceVersion "1"]
[SourceVersionDate "2023.10.10"]
[SourceQuality "1"]

1. c4 e6 2. g3 d5 3. Bg2 Nf6 4. Nf3 Be7 5. 0-0 0-0 6. d4 c6 7. Nc3 b6 8. Ne5 Bb7 9. e4 dxc4 10. Nxc4 Ba6 11. b3 b5 12. Ne3 b4 13. Ne2 Nbd7 14. Bb2 Nb6 15. Re1 Rc8 16. Nf4 Qd7 17. Ng4 Rfd8 18. Bh3 Qe8 19. d5 cxd5 20. Nxf6+ Bxf6 21. Bxf6 gxf6 22. Qg4+ Kh8 23. Qh4 Qf8 24. Bxe6 Rb8 25. Qxf6+ Qg7 26. Qxg7+ Kxg7 27. Bxd5 Nxd5 28. exd5 Bb7 29. Rad1 Rd7 30. Rd4 Rbd8 31. Rxb4 Bxd5 32. Nxd5 Rxd5 33. Re7 a5 34. Rf4 Rf8 35. Ra7 1-0

[Event "Warsaw Najdorf Memorial op-A"]
[Site "Warsaw"]
[Date "2023.07.17"]
[Round "7"]
[White "Kowalczyk, Rafal"]
[Black "Tsiapko, Andrii"]
[Result "0-1"]
[WhiteElo "2173"]
[BlackElo "1996"]
[PlyCount "86"]
[EventDate "2023.07.11"]
[EventType "swiss"]
[EventRounds "9"]
[EventCountry "POL"]
[SourceTitle "EXT 2024"]
[Source "ChessBase"]
[SourceDate "2023.10.10"]
[SourceVersion "1"]
[SourceVersionDate "2023.10.10"]
[SourceQuality "1"]

1. d4 d5 2. c4 e6 3. Nc3 Nf6 4. cxd5 exd5 5. Bg5 Be7 6. e3 c6 7. Bd3 Nbd7 8. Nf3 Nh5 9. h4 h6 10. Bxe7 Qxe7 11. Qc2 Nb6 12. Ne5 Nf6 13. 0-0-0 Ng4 14. Nxg4 Bxg4 15. Rde1 0-0-0 16. Kb1 Kb8 17. Rc1 Rhe8 18. Ka1 Rc8 19. Nb1 Qf6 20. b4 Nc4 21. Bxc4 dxc4 22. Qb2 b5 23. Nc3 Bf5 24. a4 a6 25. a5 Bd3 26. Ka2 Qg6 27. Rcg1 f5 28. h5 Qg4 29. f3 Qg5 30. f4 Qf6 31. Rh3 Re7 32. Nd1 Rce8 33. Ka3 Ka7 34. Qf2 c5 35. dxc5 c3 36. e4 fxe4 37. c6+ Ka8 38. Qb6 c2 39. Nb2 Qc3+ 40. Ka2 c1N+ 41. Rxc1 Qxc1 42. Re3 Bc2 43. Qxa6+ Ra7 0-1

[Event "Warsaw Najdorf Memorial op-A"]
[Site "Warsaw"]
[Date "2023.07.11"]
[Round "1"]
[White "Mueller, Magnus"]
[Black "Tsiapko, Andrii"]
[Result "1/2-1/2"]
[WhiteElo "2201"]
[BlackElo "1996"]
[PlyCount "157"]
[EventDate "2023.07.11"]
[EventType "swiss"]
[EventRounds "9"]
[EventCountry "POL"]
[SourceTitle "EXT 2024"]
[Source "ChessBase"]
[SourceDate "2023.10.10"]
[SourceVersion "1"]
[SourceVersionDate "2023.10.10"]
[SourceQuality "1"]

1. e4 c5 2. c3 Nf6 3. e5 Nd5 4. Nf3 Nc6 5. Bc4 Nb6 6. Bb3 d5 7. exd6 Qxd6 8. 0-0 Be6 9. Bxe6 Qxe6 10. Re1 Qd7 11. a4 e6 12. a5 Nd5 13. a6 b5 14. d4 Be7 15. dxc5 Bxc5 16. Nbd2 0-0 17. Ne4 Be7 18. Qe2 Rab8 19. Be3 Nxe3 20. Qxe3 Rfd8 21. h3 h6 22. Nc5 Bxc5 23. Qxc5 Qd5 24. Qe3 b4 25. Rec1 bxc3 26. bxc3 Qd3 27. Qc5 Qd5 28. Qe3 Qd3 29. Qc5 Qb5 30. Qa3 Rd3 31. Qa4 Qxa4 32. Rxa4 e5 33. Kf1 f6 34. Ke2 Rd6 35. Rc2 Kf7 36. Nh4 Ke6 37. Nf3 Rb6 38. Nd2 Ne7 39. Ne4 Rdc6 40. Ra5 Nd5 41. Nc5+ Ke7 42. g3 Ke8 43. h4 Nc7 44. Rca2 Nb5 45. Na4 Nxc3+ 46. Nxc3 Rxc3 47. Rd2 Ke7 48. h5 Rcc6 49. Ra4 f5 50. Ra5 Rxa6 51. Rxe5+ Re6 52. Rxe6+ Rxe6+ 53. Kf3 a5 54. Kf4 a4 55. Kxf5 a3 56. Ra2 Ra6 57. f4 Kf7 58. g4 Ra5+ 59. Ke4 Ke6 60. Ke3 Ra4 61. Kf3 Kd5 62. g5 hxg5 63. fxg5 Kc4 64. Ra1 Kb3 65. Rb1+ Kc2 66. Rh1 a2 67. h6 gxh6 68. gxh6 a1Q 69. Rxa1 Rxa1 70. Kg4 Kd3 71. Kf5 Ra6 72. Kg5 Ke4 73. h7 Ra8 74. Kf6 Kf4 75. Kg7 Ra7+ 76. Kg6 Ra6+ 77. Kg7 Ra7+ 78. Kg6 Rxh7 79. Kxh7 1/2-1/2

[Event "Warsaw Maciei Memorial"]
[Site "Warsaw"]
[Date "2023.07.10"]
[Round "5"]
[White "Tsiapko, Andrii"]
[Black "Adamchyk, Miraslau"]
[Result "1-0"]
[WhiteElo "1996"]
[BlackElo "1419"]
[PlyCount "125"]
[EventDate "2023.07.10"]
[EventType "swiss (blitz)"]
[EventRounds "11"]
[EventCountry "POL"]
[SourceTitle "CBM 215 Extra"]
[Source "ChessBase"]
[SourceDate "2023.09.30"]
[SourceVersion "1"]
[SourceVersionDate "2023.09.30"]
[SourceQuality "1"]

1. d4 d5 2. c4 Nf6 3. cxd5 Nxd5 4. e4 Nf6 5. Nc3 g6 6. Nf3 Bg7 7. Bc4 0-0 8. e5 Nfd7 9. 0-0 Nb6 10. Bb3 Nc6 11. a4 a5 12. Be3 Nb4 13. e6 Bxe6 14. Bxe6 fxe6 15. Ng5 Qd7 16. Qg4 e5 17. Qxd7 Nxd7 18. Ne6 Rfc8 19. d5 Nc2 20. Rac1 Nxe3 21. fxe3 Nf6 22. e4 c6 23. Rfd1 cxd5 24. exd5 e4 25. Rd4 e3 26. Re1 Nd7 27. Re4 Bxc3 28. bxc3 Rxc3 29. R4xe3 Rxe3 30. Rxe3 Nb6 31. Rb3 Nxd5 32. Rxb7 Kf7 33. Ng5+ Kg7 34. Ne6+ Kf6 35. Nc5 Rc8 36. Rb5 Nc3 37. Rxa5 h5 38. Nd7+ Ke6 39. Nc5+ Kf7 40. Nd3 Ne4 41. Kf1 Rc3 42. Ke2 Rc2+ 43. Kf3 Ng5+ 44. Rxg5 Rc3 45. Ke3 Ra3 46. a5 Kf6 47. Rb5 Ra2 48. Rb6+ e6 49. a6 Kf5 50. Nb4 Ra3+ 51. Kd4 e5+ 52. Kc5 Rc3+ 53. Kb5 e4 54. Rf6+ Ke5 55. a7 Ra3 56. Ra6 Rc3 57. a8Q e3 58. Qe8+ Kf5 59. Re6 Rc7 60. Rxe3 Rb7+ 61. Kc6 Rg7 62. Qe6+ Kf4 63. Qe5+ 1-0

[Event "Warsaw Maciei Memorial"]
[Site "Warsaw"]
[Date "2023.07.10"]
[Round "11"]
[White "Tsiapko, Andrii"]
[Black "Zochowski, Kacper"]
[Result "0-1"]
[WhiteElo "1996"]
[BlackElo "2252"]
[PlyCount "69"]
[EventDate "2023.07.10"]
[EventType "swiss (blitz)"]
[EventRounds "11"]
[EventCountry "POL"]
[SourceTitle "CBM 215 Extra"]
[Source "ChessBase"]
[SourceDate "2023.09.30"]
[SourceVersion "1"]
[SourceVersionDate "2023.09.30"]
[SourceQuality "1"]

1. d4 d6 2. Nf3 Nd7 3. e4 e5 4. c3 Ngf6 5. Nbd2 Be7 6. dxe5 Nxe5 7. Nxe5 dxe5 8. Be2 0-0 9. 0-0 b6 10. Qc2 Bb7 11. a4 a5 12. b3 Bd6 13. Ba3 Bxa3 14. Rxa3 Qe7 15. Raa1 Rfd8 16. Rad1 Rd7 17. Bb5 Rd6 18. f3 Rad8 19. Be2 Nh5 20. g3 Qg5 21. Nc4 Nxg3 22. Nxd6 Nxf1+ 23. Kxf1 cxd6 24. Bc4 Qf4 25. Qf2 h5 26. Rd3 Rd7 27. Bb5 Rc7 28. Qxb6 Bxe4 29. Qxc7 Bxd3+ 30. Bxd3 Qxf3+ 31. Kg1 Qxd3 32. Qxa5 e4 33. Qa8+ Kh7 34. Qc6 e3 35. Qe8 0-1

[Event "Warsaw YMCA Winter-A 271st"]
[Site "Warsaw"]
[Date "2023.02.08"]
[Round "7"]
[White "Terkiewicz, Bruno"]
[Black "Tsiapko, Andrii"]
[Result "0-1"]
[WhiteElo "1769"]
[BlackElo "1651"]
[PlyCount "72"]
[EventDate "2023.01.13"]
[EventType "tourn"]
[EventRounds "11"]
[EventCountry "POL"]
[SourceTitle "EXT 2024"]
[Source "ChessBase"]
[SourceDate "2023.10.10"]
[SourceVersion "1"]
[SourceVersionDate "2023.10.10"]
[SourceQuality "1"]

1. d4 d5 2. c4 e6 3. Nc3 Nf6 4. cxd5 exd5 5. Bg5 Be7 6. e3 c6 7. Bd3 Nbd7 8. Qc2 Nh5 9. Bxe7 Qxe7 10. Nge2 g6 11. 0-0 0-0 12. Rab1 a5 13. a3 Nb6 14. Na4 Nxa4 15. Qxa4 Bd7 16. Nc3 Ng7 17. Rfe1 Bf5 18. Qc2 Bxd3 19. Qxd3 Nf5 20. b4 Nd6 21. b5 Nc4 22. a4 f5 23. Rb3 f4 24. e4 f3 25. g3 Qg5 26. Rd1 Nd6 27. bxc6 bxc6 28. h4 Qh5 29. exd5 cxd5 30. Rb6 Rad8 31. Re1 Nf5 32. Re5 Qg4 33. Nxd5 Nxg3 34. Rg5 Ne2+ 35. Kf1 Qh3+ 36. Ke1 Qh1+ 0-1

[Event "Benidorm op-B"]
[Site "Benidorm"]
[Date "2022.12.10"]
[Round "8"]
[White "Tsiapko, Andrii"]
[Black "Izquierdo Carbellido, Pablo"]
[Result "1-0"]
[WhiteElo "1619"]
[BlackElo "1900"]
[PlyCount "84"]
[EventDate "2022.12.03"]
[EventType "swiss"]
[EventRounds "9"]
[EventCountry "ESP"]
[SourceTitle "CBM 212 Extra"]
[Source "ChessBase"]
[SourceDate "2023.03.31"]
[SourceVersion "1"]
[SourceVersionDate "2023.03.31"]
[SourceQuality "1"]

1. d4 Nf6 2. Nf3 e6 3. c4 b6 4. g3 Bb7 5. Bg2 Be7 6. Nc3 d5 7. cxd5 exd5 8. 0-0 0-0 9. Bf4 c6 10. Rc1 Nbd7 11. Qc2 Re8 12. Rfd1 Nf8 13. Bh3 Bc8 14. Bg2 Bb7 15. Ne5 Ne6 16. Bh3 Bd6 17. Qa4 b5 18. Qc2 Nxd4 19. Nxf7 Nxc2 20. Nxd8 Bxf4 21. gxf4 Raxd8 22. Rxc2 d4 23. Rcd2 b4 24. Na4 Rd5 25. Bg2 Ra5 26. b3 Nd5 27. Bxd5+ Rxd5 28. Rc1 Re7 29. Rc5 Red7 30. f3 Kf7 31. Kf2 Ke6 32. Rc4 Kf5 33. Nc5 Re7 34. Rdxd4 a5 35. e4+ Kg6 36. exd5 cxd5 37. Rc2 Rc7 38. Rdd2 Bc8 39. Nd3 Rc3 40. Ne5+ Kf5 41. Rxc3 bxc3 42. Rxd5 Kxf4 1-0

[Event "Warsaw YMCA Autumn-B 265th"]
[Site "Warsaw"]
[Date "2022.12.01"]
[Round "11"]
[White "Kurowski, Maciej"]
[Black "Tsiapko, Andrii"]
[Result "1/2-1/2"]
[WhiteElo "1575"]
[BlackElo "1590"]
[PlyCount "75"]
[EventDate "2022.09.28"]
[EventType "tourn"]
[EventRounds "13"]
[EventCountry "POL"]
[SourceTitle "EXT 2024"]
[Source "ChessBase"]
[SourceDate "2023.10.10"]
[SourceVersion "1"]
[SourceVersionDate "2023.10.10"]
[SourceQuality "1"]

1. e4 c5 2. Nf3 Nc6 3. Bb5 g6 4. Bxc6 dxc6 5. d3 Bg7 6. h3 Nf6 7. Nc3 0-0 8. Be3 b6 9. 0-0 Ne8 10. Qd2 e5 11. Bh6 f6 12. a4 a5 13. Nh2 Qe7 14. Bxg7 Nxg7 15. f4 exf4 16. Rxf4 Ne6 17. Rf2 Nd4 18. Nf3 Be6 19. b3 Qd6 20. Re1 Bxh3 21. Nxd4 cxd4 22. gxh3 dxc3 23. Qxc3 c5 24. e5 fxe5 25. Qxe5 Qxe5 26. Rxe5 Rxf2 27. Kxf2 Kf7 28. Re4 Rd8 29. Ke3 Kf6 30. c3 g5 31. b4 cxb4 32. cxb4 Rd5 33. bxa5 bxa5 34. d4 h5 35. Kd3 Kf5 36. Ke3 Kf6 37. Kf3 Kf5 38. Ke3 1/2-1/2

[Event "Warsaw YMCA Autumn-B 265th"]
[Site "Warsaw"]
[Date "2022.11.03"]
[Round "6"]
[White "Tsiapko, Andrii"]
[Black "Bartczak, Hanna"]
[Result "1-0"]
[WhiteElo "1590"]
[BlackElo "1501"]
[PlyCount "87"]
[EventDate "2022.09.28"]
[EventType "tourn"]
[EventRounds "13"]
[EventCountry "POL"]
[SourceTitle "EXT 2024"]
[Source "ChessBase"]
[SourceDate "2023.10.10"]
[SourceVersion "1"]
[SourceVersionDate "2023.10.10"]
[SourceQuality "1"]

1. d4 d5 2. c4 e6 3. Nf3 c6 4. Nbd2 f5 5. g3 Nf6 6. Bg2 Bd6 7. 0-0 0-0 8. Qc2 Ne4 9. Ne1 Nd7 10. Ndf3 Qf6 11. Nd3 g5 12. b3 g4 13. Nfe5 Ng5 14. Bf4 Be7 15. b4 Nxe5 16. Bxe5 Qh6 17. b5 Bd7 18. bxc6 Bxc6 19. cxd5 exd5 20. Qb3 Ne4 21. Nf4 Nd2 22. Bxd5+ Bxd5 23. Qxd5+ Rf7 24. Rfd1 Rd8 25. Qe6 Qxe6 26. Nxe6 Nc4 27. Nxd8 Bxd8 28. Rac1 Nxe5 29. dxe5 Bb6 30. e6 Re7 31. Rd7 Rxd7 32. exd7 Kf7 33. Rd1 Ke7 34. Kf1 Bd8 35. e3 b5 36. Ke2 a5 37. e4 fxe4 38. Ke3 b4 39. Kxe4 Ke6 40. Rd5 h5 41. Kd4 Ke7 42. Kc5 Ke6 43. Kc6 a4 44. Rd4 1-0

[Event "Warsaw Szansa op"]
[Site "Warsaw"]
[Date "2022.09.18"]
[Round "9"]
[White "Goraj, Barbara"]
[Black "Tsiapko, Andrii"]
[Result "1-0"]
[WhiteElo "2121"]
[BlackElo "1590"]
[PlyCount "145"]
[EventDate "2022.09.17"]
[EventType "swiss (rapid)"]
[EventRounds "11"]
[EventCountry "POL"]
[SourceTitle "EXT 2023"]
[Source "ChessBase"]
[SourceDate "2022.10.05"]
[SourceVersion "1"]
[SourceVersionDate "2022.10.05"]
[SourceQuality "1"]

1. e4 c5 2. Nf3 Nc6 3. d4 cxd4 4. Nxd4 g6 5. c4 Nf6 6. Nc3 d6 7. Be2 Bg7 8. Be3 0-0 9. 0-0 a5 10. f3 Nd7 11. Nd5 Nc5 12. Qd2 Be6 13. Nb5 Bxd5 14. exd5 Ne5 15. f4 Ned7 16. f5 Ne4 17. Qc2 Ndc5 18. Rab1 Qd7 19. g4 Rac8 20. Kh1 Kh8 21. Rf3 gxf5 22. Rxf5 e6 23. Rh5 f5 24. gxf5 exf5 25. Rf1 Rce8 26. Bd4 f4 27. Bf3 Qf7 28. Nxd6 Qg6 29. Bxg7+ Kxg7 30. Nxe4 Nxe4 31. Qg2 Qxg2+ 32. Kxg2 Nd2 33. Rc1 Nxf3 34. Kxf3 Re3+ 35. Kf2 Rd3 36. Re5 f3 37. Rc2 Rd4 38. Re3 Rdf4 39. d6 Rd4 40. c5 b6 41. Rxf3 bxc5 42. Rxf8 Kxf8 43. Rxc5 Rxd6 44. Rf5+ Ke7 45. Ke3 a4 46. a3 Rb6 47. Rf2 Ke6 48. Kd4 Rb3 49. h4 Rh3 50. Rf4 Rb3 51. Kc5 Rxb2 52. Rxa4 Rc2+ 53. Rc4 Ra2 54. a4 Kd7 55. Kb5 Rb2+ 56. Rb4 Ra2 57. Kb6 Kc8 58. a5 Kb8 59. Ka6+ Kc7 60. Rb7+ Kc8 61. Rxh7 Re2 62. Rh6 Kb8 63. Rg6 Rh2 64. Rg4 Rh1 65. Rb4+ Ka8 66. Kb6 Kb8 67. Rg4 Rb1+ 68. Kc6 Ka7 69. Rg5 Rh1 70. h5 Ka6 71. Kd6 Kb7 72. Ke6 Rf1 73. Rf5 1-0

[Event "Riga Tech Rapid op"]
[Site "Riga"]
[Date "2022.08.14"]
[Round "1"]
[White "Tsiapko, Andrii"]
[Black "Pidluznij, Gleb"]
[Result "1/2-1/2"]
[WhiteElo "1462"]
[BlackElo "1977"]
[PlyCount "115"]
[EventDate "2022.08.14"]
[EventType "swiss (rapid)"]
[EventRounds "9"]
[EventCountry "LAT"]
[SourceTitle "CBM 209 Extra"]
[Source "ChessBase"]
[SourceDate "2022.09.30"]
[SourceVersion "1"]
[SourceVersionDate "2022.09.30"]
[SourceQuality "1"]

1. d4 Nf6 2. Nf3 d5 3. c4 e6 4. g3 dxc4 5. Bg2 a6 6. 0-0 Nc6 7. e3 Bd6 8. Nbd2 e5 9. dxe5 Nxe5 10. Nxe5 Bxe5 11. Nxc4 Qe7 12. Nxe5 Qxe5 13. Qb3 0-0 14. Bd2 Rb8 15. Bc3 Qe7 16. Qc2 c5 17. Bxf6 Qxf6 18. Qxc5 Qxb2 19. a4 b6 20. Qd6 Be6 21. Rab1 Qa2 22. Rxb6 Rxb6 23. Qxb6 Qxa4 24. Rc1 a5 25. h4 h6 26. Qd4 Qb4 27. Ra1 Rb8 28. Qa7 Rb5 29. Qa8+ Kh7 30. Qe4+ Qxe4 31. Bxe4+ g6 32. Kg2 Kg7 33. Kf3 Kf6 34. Bd3 Rc5 35. Ra3 h5 36. e4 Bd7 37. Ke3 a4 38. f4 Ke7 39. Kd4 Rc1 40. Bc4 Re1 41. Bd5 Rc1 42. e5 Rd1+ 43. Kc4 Rg1 44. Kb4 Be6 45. Bxe6 Kxe6 46. Kxa4 Kf5 47. Kb5 f6 48. exf6 Kxf6 49. Kc5 Kf5 50. Kd5 Rd1+ 51. Kc5 Kg4 52. Ra6 Kf5 53. Ra3 Rd2 54. Kc4 Rd6 55. Kc5 Rd2 56. Kc4 Rd7 57. Ra5+ Kf6 58. Rg5 1/2-1/2

[Event "Warsaw Najdorf Memorial op-B"]
[Site "Warsaw"]
[Date "2022.07.15"]
[Round "7"]
[White "Tsiapko, Andrii"]
[Black "Prokopiuk, Jakub"]
[Result "1/2-1/2"]
[WhiteElo "1538"]
[BlackElo "1481"]
[PlyCount "52"]
[EventDate "2022.07.09"]
[EventType "swiss"]
[EventRounds "9"]
[EventCountry "POL"]
[SourceTitle "CBM 209 Extra"]
[Source "ChessBase"]
[SourceDate "2022.09.30"]
[SourceVersion "1"]
[SourceVersionDate "2022.09.30"]
[SourceQuality "1"]

1. d4 Nf6 2. Nf3 g6 3. Nbd2 Bg7 4. e4 d6 5. Bc4 0-0 6. 0-0 c5 7. dxc5 dxc5 8. e5 Ng4 9. e6 f5 10. Qe2 a6 11. a4 Qc7 12. c3 Nc6 13. Nb3 Nce5 14. Bf4 Nxf3+ 15. Qxf3 Be5 16. Bxe5 Qxe5 17. g3 Rb8 18. Rfe1 Qc7 19. Qf4 Qxf4 20. gxf4 b5 21. axb5 axb5 22. Bd5 Nf6 23. Bf3 c4 24. Nd4 Bb7 25. Kg2 Bxf3+ 26. Kxf3 Rb7 1/2-1/2